The tangled Web (Record no. 78898)
[ view plain ]
| 000 -LEADER | |
|---|---|
| fixed length control field | 03170nam a2200361 a 4500 |
| 082 04 - DEWEY DECIMAL CLASSIFICATION NUMBER | |
| Classification number | 005.8 |
| 100 1# - MAIN ENTRY--AUTHOR NAME | |
| Personal name | Zalewski, Michal. |
| 245 14 - TITLE STATEMENT | |
| Title | The tangled Web |
| 260 ## - PUBLICATION, DISTRIBUTION, ETC. (IMPRINT) | |
| Place of publication | San Francisco : |
| Name of publisher | No Starch Press, |
| Year of publication | c2012. |
| 300 ## - PHYSICAL DESCRIPTION | |
| Number of Pages | xix, 299 p. : |
| Other physical details | ill. |
| 505 0# - FORMATTED CONTENTS NOTE | |
| Formatted contents note | pt. 1. Anatomy of the web -- pt. 2. Browser security features -- pt. 3. A glimpse of things to come. |
| 520 ## - SUMMARY, ETC. | |
| Summary, etc | "'Thorough and comprehensive coverage from one of the foremost experts in browser security.' --Tavis Ormandy, Google Inc. Modern web applications are built on a tangle of technologies that have been developed over time and then haphazardly pieced together. Every piece of the web application stack, from HTTP requests to browser-side scripts, comes with important yet subtle security consequences. To keep users safe, it is essential for developers to confidently navigate this landscape.In The Tangled Web, Michal Zalewski, one of the world's top browser security experts, offers a compelling narrative that explains exactly how browsers work and why they're fundamentally insecure. Rather than dispense simplistic advice on vulnerabilities, Zalewski examines the entire browser security model, revealing weak points and providing crucial information for shoring up web application security. You'll learn how to: Perform common but surprisingly complex tasks such as URL parsing and HTML sanitization Use modern security features like Strict Transport Security, CSP, and CORS Leverage many variants of the same-origin policy to safely compartmentalize complex web applications and protect user credentials in case of XSS bugs Build mashups and embed gadgets without getting stung by the tricky frame navigation policy Embed or host user-supplied content without running into the trap of content sniffing For quick reference, "Security Engineering Cheat Sheets' at the end of each chapter offer ready solutions to problems you're most likely to encounter. With coverage extending as far as planned HTML5 features, The Tangled Web will help you create secure web applications to stand the test of time"-- |
| 650 #0 - SUBJECT ADDED ENTRY--TOPICAL TERM | |
| Topical Term | Computer networks |
| Topical Term | Browsers (Computer programs) |
| Topical Term | Computer security. |
| 856 40 - ELECTRONIC LOCATION AND ACCESS | |
| Uniform Resource Identifier | http://site.ebrary.com/lib/rucke/Doc?id=10574798 |
| 520 ## - SUMMARY, ETC. | |
| -- | Provided by publisher. |
No items available.
